ARRUPE JESUIT UNIVERSITY

CORONAVIRUS -STOP THE SPREAD - CLEAN,DISINFECT,COVER
Normal view MARC view

Entry Topical Term

Number of records used in: 1

001 - CONTROL NUMBER

  • control field: 21908

003 - CONTROL NUMBER IDENTIFIER

  • control field: ARRUPE

005 - DATE AND TIME OF LATEST TRANSACTION

  • control field: 20160128145013.0

008 - FIXED-LENGTH DATA ELEMENTS

  • fixed length control field: 160128|| aca||aabn | a|a d

040 ## - CATALOGING SOURCE

  • Original cataloging agency: ARRUPE
  • Transcribing agency: ARRUPE

150 ## - HEADING--TOPICAL TERM

  • Topical term or geographic name as entry element: Kafir language (Bantu)
  • General subdivision: Grammar.

670 ## - SOURCE DATA FOUND

  • Source citation: Work cat.: (ARRUPE)0: Lloyd, B. G. 21906, Kitchen-Kafir grammar & vocabulary., [19-?]

 

Arrupe Library. PO Box MP320 Mt Pleasant, Harare, Zimbabwe
263 242 745411|librarian@aju.ac.zw